000 01112cam a2200217 4500
001 WB3915-20
008 030415n2003 000 0 eng u
035 _a(Sirsi) u122006
245 _aDraft revised East Midlands RPG published
260 _c2003
490 _aPlanning (for the Natural and Built Environment)
_v(1514) 11 April 2003, 5(1)
520 _aThe draft regional planning guidance (RPG8) will steer East Midlands' development up to 2021 and will tie in with the region's new economic strategy. It contains policies aimed at promoting sustainable growth and targets use of renewable energy, sustainable design and floodplain development. Housing targets remain unchanged. Regional planning responsibility has been transferred to the East Midlands Assembly. The draft revised RPG8 can be found at http://www.emrlga.org.uk/rpg/index.asp
590 _aWB
650 _aRPG8
650 _aEAST MIDLANDS
650 _aREGIONAL ECONOMIC STRATEGIES
650 _aSUSTAINABLE ECONOMY
650 _aFLOOD RISK
690 _aENVIRONMENTAL AND LAND CONSULTANCY-PLANNING AND DEVELOPMENT
942 _n0
999 _c72503
_d72503